Electricals Engineering/ (Record no. 25739)
[ view plain ]
| 000 -LEADER | |
|---|---|
| fixed length control field | 00890nam a22002177a 4500 |
| 008 - FIXED-LENGTH DATA ELEMENTS--GENERAL INFORMATION | |
| fixed length control field | 090412t xxu||||| |||| 00| 0 eng d |
| 010 ## - LCCN (DPL NO) | |
| LC control number | B-321225 |
| 020 ## - INTERNATIONAL STANDARD BOOK NUMBER | |
| International Standard Book Number | 8187433566 |
| Terms of availability | 105-00 |
| 035 ## - SYSTEM CONTROL NUMBER | |
| System control number | B-321225 |
| 037 ## - SOURCE OF ACQUISITION | |
| Stock number | UBH |
| Source of stock number/acquisition | RP-CL-ENG E;14/17.03.09/374/19.03.09/19.03.09 |
| 040 ## - CATALOGING SOURCE | |
| Original cataloging agency | dpl |
| Language of cataloging | Eng |
| 082 ## - DEWEY DECIMAL CLASSIFICATION NUMBER | |
| Classification number | 621.3 |
| 100 ## - MAIN ENTRY--PERSONAL NAME | |
| Personal name | Jain,N.K |
| 245 ## - TITLE STATEMENT | |
| Title | Electricals Engineering/ |
| Statement of responsibility, etc | by N.K.Jain |
| 260 ## - PUBLICATION, DISTRIBUTION, ETC. (IMPRINT) | |
| Place of publication, distribution, etc | New Delhi |
| Name of publisher, distributor, etc | Dhanpat Rai Publishing Company |
| Date of publication, distribution, etc | 2007 |
| 270 ## - ADDRESS | |
| Address | 4779/23, Ansari Road Darya Ganj |
| City | New Delhi |
| Postal code | 110002 |
| Telephone number | 23257526 |
| Fax number | 011-23257525 |
| Electronic mail address | dhanpatrai@vsnl.com |
| 300 ## - PHYSICAL DESCRIPTION | |
| Extent | 338p |
| Dimensions | 22cm(pb) |
| 942 ## - ADDED ENTRY ELEMENTS (KOHA) | |
| Source of classification or shelving scheme | Dewey Decimal Classification |
| Item type | English Books |
| Classification part | 621.3 |
| Call number suffix | JAI |
| Withdrawn status | Lost status | Source of classification or shelving scheme | Damaged status | Not for loan | Home library | Current library | Date acquired | Source of acquisition | Cost, normal purchase price | Total Checkouts | Full call number | Barcode | Date last seen | Copy number | Cost, replacement price | Koha item type |
|---|---|---|---|---|---|---|---|---|---|---|---|---|---|---|---|---|
| Dewey Decimal Classification | Central Library | Central Library | 19/03/2009 | RP | 105.00 | 621.3 JAI | B-321225 | 12/04/2009 | 1 | 105.00 | English Books |
